000184151 001__ 184151
000184151 005__ 20240207151504.0
000184151 0247_ $$2doi$$a10.15120/GR-2015-1-FG-GENERAL-19
000184151 037__ $$aGSI-SR2014-FG-GENERAL-19
000184151 041__ $$aEnglish
000184151 0881_ $$aGSI Report 2015-1
000184151 088__ $$2GSI$$aGSI Report 2015-1
000184151 1001_ $$0P:(DE-Ds200)OR3409$$aKurian, F.$$b0$$ugsi
000184151 245__ $$aPressure and temperature dependence of Cryogenic Current Comparator measurements
000184151 260__ $$aDarmstadt$$bGSI Helmholtzzentrum für Schwerionenforschung$$c2015
000184151 29510 $$aScientific Report 2014
000184151 300__ $$a436 p.
000184151 3367_ $$2DRIVER$$abookPart
000184151 3367_ $$2BibTeX$$aINBOOK
000184151 3367_ $$07$$2EndNote$$aBook Section
000184151 3367_ $$0PUB:(DE-HGF)7$$2PUB:(DE-HGF)$$aContribution to a book$$bcontb$$mcontb$$s1451324244_12920
000184151 3367_ $$0PUB:(DE-HGF)15$$2PUB:(DE-HGF)$$aInternal Report$$mintrep
000184151 4900_ $$aGSI Report$$v2015-1$$x0171-4546
000184151 4900_ $$aGSI Scientific Report$$v2014$$x0174-0814
000184151 500__ $$aWork supported by Helmholtz Institute, Jena;    FAIR
000184151 536__ $$0G:(DE-HGF)POF2-899$$a899 - ohne Topic (POF2-899)$$cPOF2-899$$fPOF I$$x0
000184151 536__ $$0G:(DE-HGF)POF2-54G32$$a54G - GSI-participation in FAIR (POF2-54G32)$$cPOF2-54G32$$fPOF II$$x1
000184151 536__ $$0G:(DE-Ds200)HGF-HIJ$$aHIJ - Helmholtz-Institut Jena (HGF-HIJ)$$cHGF-HIJ$$x2
000184151 7001_ $$0P:(DE-Ds200)OR0508$$aHülsmann, P.$$b1$$ugsi
000184151 7001_ $$0P:(DE-Ds200)OR0632$$aKowina, P.$$b2$$ugsi
000184151 7001_ $$0P:(DE-Ds200)OR1008$$aReeg, H.$$b3$$ugsi
000184151 7001_ $$0P:(DE-Ds200)OR1167$$aSchwickert, Marcus$$b4$$ugsi
000184151 7001_ $$0P:(DE-HGF)0$$aSieber, T.$$b5
000184151 7001_ $$0P:(DE-Ds200)OR3231$$aSingh, R.$$b6$$ugsi
000184151 7001_ $$0P:(DE-Ds200)OR1264$$aStöhlker, Thomas$$b7$$ugsi
000184151 773__ $$a10.15120/GR-2015-1-FG-GENERAL-19
000184151 8564_ $$uhttps://repository.gsi.de/record/184151/files/FG-GENERAL-19.pdf$$yOpenAccess
000184151 909CO $$ooai:repository.gsi.de:184151$$pdnbdelivery$$pdriver$$pVDB$$popen_access$$popenaire$$qec_fundedresources
000184151 9101_ $$0I:(DE-Ds200)20121206GSI$$6P:(DE-Ds200)OR3409$$aGSI Helmholtzzentrum für Schwerionenforschung GmbH$$b0$$kGSI
000184151 9101_ $$0I:(DE-Ds200)20121206GSI$$6P:(DE-Ds200)OR0508$$aGSI Helmholtzzentrum für Schwerionenforschung GmbH$$b1$$kGSI
000184151 9101_ $$0I:(DE-Ds200)20121206GSI$$6P:(DE-Ds200)OR0632$$aGSI Helmholtzzentrum für Schwerionenforschung GmbH$$b2$$kGSI
000184151 9101_ $$0I:(DE-Ds200)20121206GSI$$6P:(DE-Ds200)OR1008$$aGSI Helmholtzzentrum für Schwerionenforschung GmbH$$b3$$kGSI
000184151 9101_ $$0I:(DE-Ds200)20121206GSI$$6P:(DE-Ds200)OR1167$$aGSI Helmholtzzentrum für Schwerionenforschung GmbH$$b4$$kGSI
000184151 9101_ $$0I:(DE-Ds200)20121206GSI$$6P:(DE-HGF)0$$aGSI Helmholtzzentrum für Schwerionenforschung GmbH$$b5$$kGSI
000184151 9101_ $$0I:(DE-Ds200)20121206GSI$$6P:(DE-Ds200)OR3231$$aGSI Helmholtzzentrum für Schwerionenforschung GmbH$$b6$$kGSI
000184151 9101_ $$0I:(DE-Ds200)20121206GSI$$6P:(DE-Ds200)OR1264$$aGSI Helmholtzzentrum für Schwerionenforschung GmbH$$b7$$kGSI
000184151 9131_ $$0G:(DE-HGF)POF2-899$$1G:(DE-HGF)POF2-890$$2G:(DE-HGF)POF2-800$$3G:(DE-HGF)POF2$$4G:(DE-HGF)POF$$aDE-HGF$$bProgrammungebundene Forschung$$lohne Programm$$vohne Topic$$x0
000184151 9131_ $$0G:(DE-HGF)POF2-54G32$$1G:(DE-HGF)POF2-540$$2G:(DE-HGF)POF2-500$$3G:(DE-HGF)POF2$$4G:(DE-HGF)POF$$aDE-HGF$$bStruktur der Materie$$lForschung mit Photonen, Neutronen, Ionen$$vGSI-participation in FAIR$$x1
000184151 9141_ $$y2014
000184151 915__ $$0StatID:(DE-HGF)0510$$2StatID$$aOpenAccess
000184151 915__ $$0LIC:(DE-HGF)CCBY3$$2HGFVOC$$aCreative Commons Attribution CC BY 3.0
000184151 9201_ $$0I:(DE-Ds200)ATP-20051214OR020$$kATP$$lAtomphysik$$x0
000184151 9201_ $$0I:(DE-Ds200)HIJ-20110223OR115$$kHIJ$$lHI Jena$$x1
000184151 9201_ $$0I:(DE-Ds200)BEA-20051214OR061$$kBEA$$lBeam Diagnostics$$x2
000184151 9201_ $$0I:(DE-Ds200)BUD-20051214OR030$$kBUD$$lBibliothek & Dokumentation$$x3
000184151 970__ $$aGSI-SR2014-FG-GENERAL-19
000184151 9801_ $$aFullTexts
000184151 9801_ $$aGSIasPublisher
000184151 9801_ $$aGSI Scientific Report 2014
000184151 9801_ $$aGSI Scientific Report
000184151 9801_ $$aGSI Report 2015
000184151 9801_ $$aGSI Report
000184151 9801_ $$aJahresbericht
000184151 980__ $$acontb
000184151 980__ $$aVDB
000184151 980__ $$aintrep
000184151 980__ $$aI:(DE-Ds200)20110830OR020
000184151 980__ $$aI:(DE-Ds200)ATP-20051214OR020
000184151 980__ $$aI:(DE-Ds200)20120319OR115
000184151 980__ $$aI:(DE-Ds200)HIJ-20110223OR115
000184151 980__ $$aI:(DE-Ds200)20121002OR061
000184151 980__ $$aI:(DE-Ds200)BEA-20051214OR061
000184151 980__ $$aI:(DE-Ds200)20120319OR030
000184151 980__ $$aI:(DE-Ds200)BUD-20051214OR030
000184151 980__ $$aUNRESTRICTED